000 00281nam a22001337a 4500
008 170504b xxu||||| |||| 00| 0 eng d
020 _a2900135109792
041 _aeng
080 _a343.9
100 _a13
101 _aSHJ
245 _aCRIMINOLOGY
_cBARKAN.S
942 _2udc
_cBK
999 _c12621
_d12621